Power from the wind (Record no. 56584)
[ view plain ]
| 000 -LEADER | |
|---|---|
| fixed length control field | 01516nam a2200361 a 4500 |
| 100 1# - MAIN ENTRY--AUTHOR NAME | |
| Personal name | Chiras, Daniel D. |
| 245 10 - TITLE STATEMENT | |
| Title | Power from the wind |
| 260 ## - PUBLICATION, DISTRIBUTION, ETC. (IMPRINT) | |
| Place of publication | Gabriola Island, BC : |
| Name of publisher | New Society Publishers, |
| Year of publication | c2009. |
| 300 ## - PHYSICAL DESCRIPTION | |
| Number of Pages | xiii, 273 p. : |
| Other physical details | ill. |
| 500 ## - GENERAL NOTE | |
| General note | "A practical guide to small-scale energy production"--Cover. |
| General note | "Books for wiser living, Mother Earth news recommendation"--Cover. |
| 650 #0 - SUBJECT ADDED ENTRY--TOPICAL TERM | |
| Topical Term | Wind turbines. |
| Topical Term | Wind power. |
| Topical Term | Electric power production. |
| 700 1# - ADDED ENTRY--PERSONAL NAME | |
| Personal name | Sagrillo, Mick. |
| Personal name | Woofenden, Ian. |
| 856 40 - ELECTRONIC LOCATION AND ACCESS | |
| Uniform Resource Identifier | http://site.ebrary.com/lib/rucke/Doc?id=10314755 |
No items available.
